| 000 | 00842cam a2200229 a 4500 | ||
|---|---|---|---|
| 001 | 000007516 | ||
| 005 | 20200929154209.0 | ||
| 008 | 720406s1968 ctu 000 0 spa | ||
| 040 |
_aDO-SdBNP _bspa _cBNPHU |
||
| 082 |
_aPR864.44 _bL181j |
||
| 245 | 1 | 3 |
_aEl jibaro de Puerto Rico: símbolo y figura / _cEnrique A. Laguerre y Esther M. Melón. |
| 260 |
_aSharon, Conn. : _bTroutman, _c1968. |
||
| 300 |
_axviii, 249 p. ; _c23 cm. |
||
| 490 | 1 |
_aPuerto Rico: realidad y anhelo, _v7 |
|
| 505 | 1 | _aEnsayo -- Poesía -- Narraciones -- Teatro. | |
| 650 | 4 |
_aEnsayos puertorriqueños. _98892 |
|
| 650 | 4 |
_aLiteratura puertorriqueña _9250 |
|
| 700 | 1 |
_aLaguerre, Enrique A., _ecomp. _920867 |
|
| 700 | 1 |
_aLaguerre, Enrique A. _ecomp. _920868 |
|
| 700 | 1 |
_aMelón, Esther M., _d1938- _ecomp. _920869 |
|
| 830 | 0 |
_aPuerto Rico: realidad y anhelo, _v7 _94001 |
|
| 999 |
_c7297 _d7297 |
||